RTC's Professional Liability Program : hearing before the Subcommittee on General Oversight and Investigations of the Committee on Banking and Financial Services, House of Representatives, One Hundred Fourth Congress, first session, June 20, 1995.

Bibliographic Details
Corporate Authors: United States. Congress. House. Committee on Banking and Financial Services. Subcommittee on General Oversight and Investigations, ProQuest (Firm)
Format: Government Document eBook
Language:English
Published: Washington : U.S. G.P.O. : 1996.
Series:U.S. Congressional Hearings.
Subjects:
Online Access:Connect to the full text of this electronic book

MARC

Tag First Indicator Second Indicator Subfields
LEADER 00000cam a22000001a 4500
001 in00003255071
005 20190404191827.0
006 m d f
007 cr bn mmmapmmp
008 091024s1996 dcu o f000 0 eng d
035 |a cis2007465913 
040 |a UMI  |c UMI  |d UtOrBLW 
043 |a n-us--- 
074 |a 1013-A 
074 |a 1013-B (MF) 
086 0 |a Y 4.B 22/1:104-24 
088 |a Serial no. 104-24 (United States. Congress. House. Committee on Banking and Financial Services) 
099 |a HRG-1995-BFS-0025 
110 1 |a United States.  |b Congress.  |b House.  |b Committee on Banking and Financial Services.  |b Subcommittee on General Oversight and Investigations. 
245 1 0 |a RTC's Professional Liability Program :  |b hearing before the Subcommittee on General Oversight and Investigations of the Committee on Banking and Financial Services, House of Representatives, One Hundred Fourth Congress, first session, June 20, 1995. 
264 1 |a Washington :  |b U.S. G.P.O. :  |c 1996. 
264 2 |a Washington :  |b For sale by the U.S. G.P.O., Supt. of Docs., Congressional Sales Office, 
300 |a 1 online resource. 
336 |a text  |b txt  |2 rdacontent 
337 |a computer  |b c  |2 rdamedia 
338 |a online resource  |b cr  |2 rdacarrier 
500 |a Record is based on bibliographic data in ProQuest Congressional Hearings Digital Collection. Reuse except for individual research requires license from ProQuest, LLC. 
538 |a System requirements: PDF reader software. 
500 |a Electronic resource. 
610 2 0 |a Professional Liability Program (Resolution Trust Corporation) 
610 2 0 |a Professional Liability Program (Resolution Trust Corporation).  |b Dallas Regional Office. 
650 0 |a Savings and Loan Bailout, 1989-1995. 
650 0 |a Savings and loan association failures  |z Texas. 
650 0 |a Bankers  |x Malpractice  |z Texas. 
655 7 |a Electronic books.  |2 local 
710 2 |a ProQuest (Firm) 
776 0 8 |i Print version:  |a United States. Congress. House. Committee on Banking and Financial Services. Subcommittee on General Oversight and Investigations.  |t RTC's Professional Liability Program  |w gp 96070108  |w (OCoLC)34650390 
776 0 8 |i Microfiche version:  |a United States. Congress. House. Committee on Banking and Financial Services. Subcommittee on General Oversight and Investigations.  |t RTC's Professional Liability Program.  |d [Bethesda, Md.] : ProQuest,[2004]  |o CIS 96 H241-19  |w (ProQuest)cis09600107 
830 0 |a U.S. Congressional Hearings. 
856 4 0 |u http://proxy.library.tamu.edu/login?url=http://congressional.proquest.com/congcomp/getdoc?HEARING-ID=HRG-1995-BFS-0025  |z Connect to the full text of this electronic book  |t 0 
998 |a cis09600107 
999 |a MARS 
999 f f |s 5359bfc2-23ff-355f-88b9-7f98e46b6a3a  |i ec3f6a22-d3dd-3782-a3be-c361f10febb7  |t 0 
952 f f |a Texas A&M University  |b College Station  |c Electronic Resources  |d Available Online  |t 0  |e HRG-1995-BFS-0025  |h Other scheme 
998 f f |a HRG-1995-BFS-0025  |t 0  |l Available Online